Normal view
MARC view
- Rajesh A K(guide)
Entry Personal Name
001 - CONTROL NUMBER
- control field: 4992
003 - CONTROL NUMBER IDENTIFIER
- control field: OSt
005 - DATE AND TIME OF LATEST TRANSACTION
- control field: 20210907102639.0
008 - FIXED-LENGTH DATA ELEMENTS
- fixed length control field: 210907|| aca||aabn | a|a d
040 ## - CATALOGING SOURCE
- Original cataloging agency: OSt
- Transcribing agency: OSt
100 ## - HEADING--PERSONAL NAME
- Personal name: Rajesh A K(guide)
670 ## - SOURCE DATA FOUND
- Source citation: Work cat.: (OSt)17397: Abinav E Basi 4949, Development and evalution of Cocoa Pod Breaker, 2021
